000 00377nam a2200145Ia 4500
008 220405s9999||||xx |||||||||||||| ||und||
020 _a9789380349305
082 _a823 SHE
100 _aShenoy
_910570
245 0 _aLife is what you make it
260 _aRupa and Company
_bMumbai
_c2011
300 _a209p.
_bRs.120
650 _aGENERAL BOOKS
942 _cSpecial Collection
999 _c189615
_d189615